000 00624nam a2200205 i 4500
001 bg
100 1 _aGlinicki, Stanisław Paweł
_d(1921-2008).
245 0 _aElementy geotechniki w inżynierii sanitarnej /
_cStanisław P. Glinicki, Wincenty Mrozek.
260 _a[Białystok] :
_bWydawn. Polit. Białost.,
_c[1983].
300 _as. 143 :
_bilustr., rys., tab.
490 1 _aSkrypty PB
504 _a[Zawiera bibliogr. s. 142-143].
700 1 _aMrozek, Wincenty.
830 _aSkrypty PB
040 _cBPK
041 _apol
080 _a624.1(075.8)
942 _cKS
008 s pl f |000 0 pol
999 _c21860
_d21860
856 _uhttp://koha.tu.koszalin.pl/cgi-bin/koha/opac-detail.pl?biblionumber=21860
_yKatalog online BPK